000 00319 a2200157 4500
001 172493
020 _a
040 _cMagnum
100 _aJunqueira, Sonia
240 1 0 _aDinora perdeu o gato
_lpor
245 1 0 _aDinora perdeu o gato
362 0 _a1899
440 1 _aModerna
697 _aI/ANIMAIS
942 _cBK
999 _c172493
_d172493